[Event "24th Varna it"]
[Site "Golden Sands BUL"]
[Date "1985.05.06"]
[Round "1"]
[White "Tringov, Georgi"]
[Black "Atanasov, Petko"]
[Result "1/2-1/2"]
[WhiteElo "2460"]
[BlackElo "2405"]
[EventDate "1985.05.06"]
[PlyCount "62"]

1.e4 c6 2.c4 d5 3.exd5 cxd5 4.cxd5 Nf6 5.Bb5+ Nbd7 6.Nc3 a6 7.Qa4 g6 8.Nf3
Bg7 9.d4 O-O 10.Bxd7 Bxd7 11.Qb3 b5 12.O-O a5 13.a3 Qb6 14.Ne5 b4 15.Be3 
Rab8 16.axb4 axb4 17.Nxd7 Nxd7 18.Na4 Qd6 19.Nc5 Nb6 20.Ra5 Qxd5 21.Qxd5 
Nxd5 22.Nd7 Nxe3 23.fxe3 Ra8 24.Rb5 Rfd8 25.Nc5 Rdc8 26.Nd3 Rc2 27.Rxb4 
Rd2 28.Rb3 Rc8 29.Nc5 f5 30.Rf2 Rd1+ 31.Rf1 Rd8 1/2-1/2

[Event "24th Varna it"]
[Site "Golden Sands BUL"]
[Date "1985.05.06"]
[Round "1"]
[White "Lalic, Bogdan"]
[Black "Spiridonov, Nikola"]
[Result "1/2-1/2"]
[WhiteElo "2440"]
[BlackElo "2400"]
[EventDate "1985.05.06"]
[PlyCount "23"]

1.d4 d5 2.c4 e6 3.Nc3 Be7 4.Nf3 Nf6 5.Bg5 h6 6.Bh4 O-O 7.e3 b6 8.Rc1 Bb7 
9.Bxf6 Bxf6 10.cxd5 exd5 11.Be2 Nd7 12.O-O 1/2-1/2

[Event "24th Varna it"]
[Site "Golden Sands BUL"]
[Date "1985.05.06"]
[Round "1"]
[White "Donchev, Dimitar"]
[Black "Diaz Diaz, Joaquin"]
[Result "1-0"]
[WhiteElo "2450"]
[BlackElo "2410"]
[EventDate "1985.05.06"]
[PlyCount "139"]

1.d4 d5 2.c4 e6 3.Nf3 Nf6 4.Nc3 Be7 5.Bg5 O-O 6.Bxf6 Bxf6 7.e4 Nc6 8.Qc2 
b6 9.O-O-O dxe4 10.Qxe4 Bb7 11.h4 Rb8 12.Qg4 Ne7 13.Ne4 Nf5 14.Ne5 Be7 15.
Ng5 h6 16.Ngf3 Bf6 17.d5 Qe7 18.Bd3 b5 19.Rhe1 bxc4 20.Be4 exd5 21.Bxd5 
Qc5 22.Qxc4 Qxc4+ 23.Bxc4 Bxf3 24.gxf3 Nxh4 25.Nd7 Bxb2+ 26.Kc2 Nxf3 27.
Re4 Ng5 28.Rg4 Ba3 29.Nxb8 Rxb8 30.Bb3 Bc5 31.Rf4 Bd6 32.Ra4 Bc5 33.f4 Ne6
34.Rd7 Bb6 35.Bxe6 fxe6 36.Re4 Rf8 37.Re7 Rf5 38.R7xe6 Ra5 39.a4 Re5 40.
Kd3 Rf5 41.R6e5 Rf7 42.a5 Bg1 43.Re8+ Kh7 44.R8e7 Rf5 45.Ra4 Rc5 46.Re5 
Rc1 47.Rc4 Rxc4 48.Kxc4 Bh2 49.Rf5 Kg6 50.Rf8 h5 51.Kd5 h4 52.Ke4 Bg3 53.
Ra8 Bf2 54.Kf3 Bc5 55.Kg4 Kf6 56.Rb8 Ke6 57.Kxh4 Bd4 58.Kg5 c5 59.Kg4 Kd5 
60.Kf3 c4 61.Rd8+ Kc5 62.Ke4 Bc3 63.Rd7 a6 64.Rb7 Bf6 65.Rb6 Bc3 66.Rxa6 
Kb5 67.Ra7 Bf6 68.f5 c3 69.Kd3 Kb4 70.a6 1-0

[Event "24th Varna it"]
[Site "Golden Sands BUL"]
[Date "1985.05.06"]
[Round "1"]
[White "Semkov, Semko"]
[Black "Knaak, Rainer"]
[Result "1/2-1/2"]
[WhiteElo "2410"]
[BlackElo "2530"]
[EventDate "1985.05.06"]
[PlyCount "49"]

1.d4 Nf6 2.c4 d6 3.Nf3 g6 4.g3 Bg7 5.Bg2 O-O 6.O-O Nbd7 7.Qc2 e5 8.Rd1 Re8
9.e4 exd4 10.Nxd4 c6 11.Nc3 a5 12.Bf4 Qe7 13.Ndb5 cxb5 14.Bxd6 Qd8 15.Nxb5
Re6 16.c5 Ne8 17.Bh3 Nxd6 18.Nxd6 Ne5 19.Qb3 Qe7 20.Nxc8 Rxc8 21.Bxe6 Qxe6
22.f4 Qxb3 23.axb3 Nc6 24.Rd7 Bxb2 25.Rad1 1/2-1/2

[Event "24th Varna it"]
[Site "Golden Sands BUL"]
[Date "1985.05.06"]
[Round "1"]
[White "Inkiov, Ventzislav"]
[Black "Mnatsakanian, Eduard"]
[Result "1/2-1/2"]
[WhiteElo "2480"]
[BlackElo "2440"]
[EventDate "1985.05.06"]
[PlyCount "57"]

1.d4 d5 2.c4 c6 3.Nf3 Nf6 4.Nc3 dxc4 5.a4 Bf5 6.Nh4 Bg6 7.Nxg6 hxg6 8.e3 
e6 9.Bxc4 Bb4 10.O-O Nbd7 11.h3 a5 12.f4 Nb6 13.Be2 O-O 14.Bf3 Qd7 15.Na2 
Be7 16.Qb3 Nbd5 17.e4 Nb4 18.Be3 Nxa2 19.Qxa2 Bd8 20.Qc4 Bb6 21.Rfd1 Rfd8 
22.Rab1 Ba7 23.b4 b5 24.Qc2 Bb6 25.axb5 cxb5 26.bxa5 Rxa5 27.Rb4 Ra4 28.
Qb2 Rxb4 29.Qxb4 1/2-1/2

[Event "24th Varna it"]
[Site "Golden Sands BUL"]
[Date "1985.05.06"]
[Round "1"]
[White "Ubilava, Elizbar"]
[Black "Grigorov, Yordan"]
[Result "1/2-1/2"]
[WhiteElo "2465"]
[BlackElo "2435"]
[EventDate "1985.05.06"]
[PlyCount "35"]

1.d4 d6 2.c4 f5 3.Nc3 Nf6 4.Bg5 Nbd7 5.e3 g6 6.h4 h6 7.Bxf6 Nxf6 8.Nf3 Bg7
9.Qc2 c6 10.h5 g5 11.Bd3 Qa5 12.O-O-O Bd7 13.Kb1 e6 14.e4 fxe4 15.Bxe4 
O-O-O 16.Bg6 Rhf8 17.Nd2 Qc7 18.Nde4 1/2-1/2

[Event "24th Varna it"]
[Site "Golden Sands BUL"]
[Date "1985.05.07"]
[Round "2"]
[White "Diaz Diaz, Joaquin"]
[Black "Lalic, Bogdan"]
[Result "1/2-1/2"]
[WhiteElo "2410"]
[BlackElo "2440"]
[EventDate "1985.05.06"]
[PlyCount "60"]

1.e4 e6 2.d4 d5 3.Nc3 Bb4 4.e5 c5 5.Qg4 Ne7 6.Nf3 Nbc6 7.a3 Bxc3+ 8.bxc3 
O-O 9.Bd3 f6 10.exf6 Rxf6 11.Bg5 Rf7 12.Qh4 h6 13.Bxe7 Qxe7 14.Qxe7 Rxe7 
15.dxc5 e5 16.Bb5 e4 17.Nd4 Ne5 18.O-O Bd7 19.Be2 Rc8 20.Nb3 Ba4 21.Rfd1 
Bxb3 22.cxb3 Rxc5 23.Rac1 Rec7 24.c4 dxc4 25.b4 R5c6 26.Rd8+ Kf7 27.Rd4 b5
28.Rxe4 Nd7 29.a4 a6 30.Rd4 bxa4 1/2-1/2

[Event "24th Varna it"]
[Site "Golden Sands BUL"]
[Date "1985.05.07"]
[Round "2"]
[White "Inkiov, Ventzislav"]
[Black "Donchev, Dimitar"]
[Result "1/2-1/2"]
[WhiteElo "2480"]
[BlackElo "2450"]
[EventDate "1985.05.06"]
[PlyCount "21"]

1.d4 d5 2.Nf3 Nf6 3.c4 e6 4.Nc3 Be7 5.Bg5 O-O 6.e3 h6 7.Bh4 Nbd7 8.Rc1 
dxc4 9.Bxc4 c5 10.O-O cxd4 11.Nxd4 1/2-1/2

[Event "24th Varna it"]
[Site "Golden Sands BUL"]
[Date "1985.05.07"]
[Round "2"]
[White "Spiridonov, Nikola"]
[Black "Semkov, Semko"]
[Result "1/2-1/2"]
[WhiteElo "2400"]
[BlackElo "2410"]
[EventDate "1985.05.06"]
[PlyCount "154"]

1.c4 e6 2.g3 d5 3.Bg2 Nf6 4.Nf3 Be7 5.O-O O-O 6.cxd5 exd5 7.d4 Re8 8.Nc3 
c6 9.Bg5 Na6 10.a3 h6 11.Bxf6 Bxf6 12.b4 Nc7 13.Qb3 Bg4 14.e3 Qd7 15.Rfc1 
h5 16.Na4 h4 17.Nc5 Qf5 18.Ne5 Bxe5 19.dxe5 hxg3 20.hxg3 b6 21.Nd3 Re6 22.
Nf4 Rh6 23.f3 g5 24.fxg4 Qxg4 25.Kf2 gxf4 26.exf4 Ne6 27.Qd1 Qg7 28.Rxc6 
Rg6 29.Qxd5 Rf8 30.Be4 Rh6 31.Rh1 Rxh1 32.Bxh1 Qh7 33.Be4 Qh2+ 34.Bg2 Rd8 
35.Rd6 Rc8 36.Rc6 Rd8 37.Rd6 Rc8 38.Qd2 Rc4 39.Rd3 Qh7 40.Rc3 Rd4 41.Qc2 
Qh5 42.Rd3 Qg6 43.Qc8+ Kg7 44.Rxd4 Nxd4 45.Qc4 Nf5 46.Qd3 b5 47.Be4 Qb6+ 
48.Kf3 Nd4+ 49.Kg2 Ne6 50.Bd5 Qd8 51.f5 Ng5 52.Qxb5 Qc8 53.Qd3 Qc1 54.Qe2 
Qxa3 55.Qd2 f6 56.Qd4 Nh7 57.exf6+ Nxf6 58.g4 Qc1 59.Bf3 a6 60.Qa7+ Kh6 
61.Qf7 Qb2+ 62.Kh3 Kg5 63.Qc4 Qd2 64.Kg3 Qe1+ 65.Kg2 Qd2+ 66.Kf1 Qe3 67.
Kg2 Qd2+ 68.Kh3 Qe3 69.Qf1 Qc3 70.Qf2 Ne4 71.Qe2 Nf6 72.Kg2 Qxb4 73.Qe3+ 
Qf4 74.Qe7 Qd2+ 75.Kh3 Qd4 76.Kg3 Qf4+ 77.Kg2 Qd2+ 1/2-1/2

[Event "24th Varna it"]
[Site "Golden Sands BUL"]
[Date "1985.05.07"]
[Round "2"]
[White "Grigorov, Yordan"]
[Black "Tringov, Georgi"]
[Result "1/2-1/2"]
[WhiteElo "2435"]
[BlackElo "2460"]
[EventDate "1985.05.06"]
[PlyCount "99"]

1.e4 c5 2.Nf3 d6 3.d4 cxd4 4.Nxd4 Nf6 5.Nc3 a6 6.f4 Nbd7 7.a4 b6 8.Be2 Bb7
9.Bf3 Qc7 10.O-O g6 11.Kh1 e5 12.fxe5 dxe5 13.Nb3 Bg7 14.Bg5 O-O 15.Qd2 
Rac8 16.Rad1 Bc6 17.Qe2 Qb7 18.Rd6 h6 19.Bh4 Rfe8 20.Bg4 Nxg4 21.Qxg4 Nf8 
22.Rd2 Ne6 23.a5 Nd4 24.axb6 Qxb6 25.Nxd4 exd4 26.Nd5 Bxd5 27.exd5 f5 28.
Qd1 Qc5 29.Bf2 Re4 30.c3 Qxd5 31.Bxd4 Bxd4 32.Rxd4 Rxd4 33.cxd4 h5 34.Qd2 
Qc4 35.d5 Qc2 36.Qg5 Kf7 37.d6 Qe2 38.Rg1 Qe6 39.Qf4 Rc6 40.Rd1 Rc8 41.h3 
Rd8 42.b4 Rd7 43.Qd2 Qe8 44.Qd5+ Kf6 45.Qd4+ Kf7 46.Rc1 h4 47.Rd1 g5 48.
Rc1 Qe6 49.Kh2 Kg6 50.Rd1 1/2-1/2

[Event "24th Varna it"]
[Site "Golden Sands BUL"]
[Date "1985.05.07"]
[Round "2"]
[White "Knaak, Rainer"]
[Black "Ubilava, Elizbar"]
[Result "0-1"]
[WhiteElo "2530"]
[BlackElo "2465"]
[EventDate "1985.05.06"]
[PlyCount "149"]

1.d4 d5 2.c4 e6 3.Nc3 Be7 4.cxd5 exd5 5.Bf4 Nf6 6.e3 Bf5 7.Qb3 Nc6 8.Qxb7 
Nb4 9.Rc1 O-O 10.a3 Nc2+ 11.Rxc2 Bxc2 12.Bxc7 Qd7 13.Bb5 Qg4 14.Nge2 Ne4 
15.O-O Nd6 16.Qxd5 Nxb5 17.Qxb5 Rac8 18.Bg3 Rfd8 19.e4 h5 20.f3 Qg6 21.Rc1
h4 22.Rxc2 hxg3 23.Nxg3 Bf8 24.Nge2 Qh6 25.f4 Rd6 26.Qd3 Qh4 27.Qg3 Qd8 
28.Rd2 Rg6 29.Qf2 Rh6 30.h3 Qb6 31.Ng3 Rd6 32.e5 Rdd8 33.Nge4 Rc4 34.Qg3 
Be7 35.Kh2 Rcxd4 36.Rxd4 Qxd4 37.f5 Kf8 38.h4 Re8 39.Qf4 Bd8 40.e6 Bf6 41.
g3 fxe6 42.fxe6 Rxe6 43.h5 Rb6 44.h6 Rxb2+ 45.Kh3 Qe5 46.Nxf6 gxf6 47.Qg4 
f5 48.Qh4 f4 49.Qd8+ Kf7 50.Qd7+ Kg6 51.Qc6+ Kh7 52.gxf4 Qh5+ 53.Kg3 Qh2+ 
54.Kg4 Rg2+ 55.Kf5 Qh3+ 56.Ke5 Qh5+ 57.Kd4 Qg4 58.Qb7+ Kxh6 59.Qc6+ Kh5 
60.Qe8+ Qg6 61.Qxg6+ Rxg6 62.Kc5 Kg4 63.Kb5 Kxf4 64.Ka5 Rc6 65.Nb5 a6 66.
Na7 Re6 67.Nc8 Ke5 68.Nb6 Kd6 69.Na4 Kc7 70.Nc5 Re5 71.Kb4 a5+ 72.Kc4 Kc6 
73.Na4 Re4+ 74.Kb3 Re3+ 75.Ka2 0-1

[Event "24th Varna it"]
[Site "Golden Sands BUL"]
[Date "1985.05.07"]
[Round "2"]
[White "Mnatsakanian, Eduard"]
[Black "Atanasov, Petko"]
[Result "1-0"]
[WhiteElo "2440"]
[BlackElo "2405"]
[EventDate "1985.05.06"]
[PlyCount "137"]

1.e4 c6 2.d4 d5 3.Nc3 dxe4 4.Nxe4 Nd7 5.Nf3 Ngf6 6.Nxf6+ Nxf6 7.Bc4 Nd5 8.
O-O g6 9.Re1 Bg7 10.Bg5 Be6 11.Qd2 O-O 12.Bf6 Qd6 13.Re4 Rfe8 14.Rae1 Bf5 
15.Bxg7 Kxg7 16.Bxd5 cxd5 17.R4e3 Rac8 18.c3 Rc7 19.Ne5 h5 20.h3 Rh8 21.
Qe2 f6 22.Nd3 Kf7 23.Qd2 b6 24.Nf4 g5 25.Nd3 h4 26.Qe2 Kg6 27.f3 Rb8 28.
Nf2 Rbb7 29.Nd3 Rb8 30.Rf1 Rg8 31.f4 Kh6 32.fxg5+ Rxg5 33.Rf4 Kg7 34.Rxh4 
Kf7 35.Rh5 Rxh5 36.Qxh5+ Bg6 37.Qh6 Rc8 38.Nf4 Rg8 39.Rg3 Be4 40.Qh5+ Kf8 
41.Qh6+ Kf7 42.Qh5+ Kf8 43.Rxg8+ Kxg8 44.Qe8+ Kg7 45.g3 Bf5 46.Kg2 Qd7 47.
Qxd7 Bxd7 48.Kf3 e6 49.g4 Kf7 50.h4 Bc6 51.Nd3 Bb5 52.Ke3 a5 53.b3 Bd7 54.
Kf4 Bb5 55.Nf2 Bf1 56.g5 b5 57.Ng4 fxg5+ 58.hxg5 a4 59.bxa4 bxa4 60.a3 Be2
61.Ne3 Kg6 62.Ke5 Kxg5 63.Kxe6 Kf4 64.Nxd5+ Ke4 65.Nb4 Ke3 66.Kd5 Kd2 67.
c4 Kc3 68.c5 Kb3 69.c6 1-0

[Event "24th Varna it"]
[Site "Golden Sands BUL"]
[Date "1985.05.08"]
[Round "3"]
[White "Semkov, Semko"]
[Black "Diaz Diaz, Joaquin"]
[Result "1-0"]
[WhiteElo "2410"]
[BlackElo "2410"]
[EventDate "1985.05.06"]
[PlyCount "81"]

1.d4 d5 2.c4 e6 3.Nc3 Nf6 4.cxd5 exd5 5.Bg5 c6 6.Qc2 g6 7.e3 Bf5 8.Bd3 
Bxd3 9.Qxd3 Nbd7 10.Nf3 Be7 11.O-O O-O 12.Rab1 a5 13.Bf4 Re8 14.h3 Bb4 15.
a3 Bf8 16.Nd2 a4 17.Rfe1 b5 18.Rbd1 Nh5 19.Bh2 f5 20.Nf3 Bg7 21.Rc1 Nb6 
22.Nxb5 cxb5 23.Bc7 Qf6 24.Qxb5 Re6 25.Bxb6 Rb8 26.Qxd5 Rxb6 27.Ne5 Rd6 
28.Rc8+ Bf8 29.Qb5 Rd8 30.Rec1 Bd6 31.Nd7 Qe7 32.Qxa4 Rxc8 33.Rxc8+ Kg7 
34.Ne5 Bxe5 35.dxe5 Rxe5 36.Qc4 Kh6 37.Rc7 Qd6 38.Rc6 Qd1+ 39.Qf1 Qd7 40.
Qc1 Rd5 41.e4+ 1-0

[Event "24th Varna it"]
[Site "Golden Sands BUL"]
[Date "1985.05.08"]
[Round "3"]
[White "Lalic, Bogdan"]
[Black "Inkiov, Ventzislav"]
[Result "1/2-1/2"]
[WhiteElo "2440"]
[BlackElo "2480"]
[EventDate "1985.05.06"]
[PlyCount "112"]

1.d4 Nf6 2.c4 e6 3.g3 d5 4.Bg2 dxc4 5.Nf3 c5 6.O-O Nc6 7.Qa4 Bd7 8.Qxc4 b5
9.Qd3 c4 10.Qc2 Rc8 11.Nc3 Qb6 12.a3 Be7 13.e4 b4 14.axb4 Nxb4 15.Qe2 Nd3 
16.Bh3 Rc7 17.Rd1 O-O 18.Ne5 Qxd4 19.Nxd3 cxd3 20.Rxd3 Qc4 21.e5 Nd5 22.
Nxd5 exd5 23.Bxd7 Rxd7 24.b3 Qb5 25.Bb2 Bc5 26.Rad1 Re8 27.Qf3 d4 28.Bxd4 
Bxd4 29.Rxd4 Rxd4 30.Rxd4 Qxe5 31.Rd7 Qa1+ 32.Kg2 Rf8 33.Qe3 a6 34.Qd3 Qe5
35.Rd6 a5 36.Rd5 Qe1 37.Rb5 g6 38.Qd5 Rc8 39.Rb7 Qe6 40.Qxe6 fxe6 41.Kf3 
Ra8 42.Ke4 a4 43.bxa4 Rxa4+ 44.Ke5 Ra5+ 45.Kxe6 Ra6+ 46.Ke5 Ra5+ 47.Kf4 
Ra4+ 48.Kg5 Ra5+ 49.Kg4 Ra2 50.Kf3 h5 51.h4 Ra4 52.Rd7 Rb4 53.Ke3 Ra4 54.
f4 Ra3+ 55.Rd3 Ra5 56.Rd7 Ra3+ 1/2-1/2

[Event "24th Varna it"]
[Site "Golden Sands BUL"]
[Date "1985.05.08"]
[Round "3"]
[White "Donchev, Dimitar"]
[Black "Mnatsakanian, Eduard"]
[Result "1/2-1/2"]
[WhiteElo "2450"]
[BlackElo "2440"]
[EventDate "1985.05.06"]
[PlyCount "25"]

1.e4 c5 2.Nf3 Nf6 3.Nc3 Nc6 4.d4 d5 5.exd5 Nxd5 6.Nxd5 Qxd5 7.Be3 cxd4 8.
Nxd4 a6 9.c4 Qd6 10.Be2 e5 11.Nxc6 Qxc6 12.O-O Be6 13.Qc2 1/2-1/2

[Event "24th Varna it"]
[Site "Golden Sands BUL"]
[Date "1985.05.08"]
[Round "3"]
[White "Atanasov, Petko"]
[Black "Grigorov, Yordan"]
[Result "0-1"]
[WhiteElo "2405"]
[BlackElo "2435"]
[EventDate "1985.05.06"]
[PlyCount "102"]

1.e4 c5 2.Nf3 Nc6 3.Bb5 Nf6 4.Nc3 g6 5.O-O Bg7 6.Re1 O-O 7.e5 Ne8 8.d3 Nc7
9.Bxc6 dxc6 10.h3 Ne6 11.Ne4 b6 12.a4 a5 13.Bd2 Nd4 14.Bf4 Be6 15.Nfg5 Bd5
16.Rc1 f6 17.exf6 exf6 18.c4 fxg5 19.Bxg5 Qd7 20.cxd5 cxd5 21.Nc3 Qf7 22.
Be3 Nc6 23.Ne2 Nb4 24.d4 c4 25.Rf1 Rac8 26.Nc3 Qf5 27.Nb5 Rc6 28.Rc3 Re8 
29.Qd2 Nd3 30.Rd1 Bf8 31.Qe2 Rf6 32.Rxc4 Nxb2 33.Qxb2 dxc4 34.Qa2 Rf7 35.
Qxc4 Rc8 36.Qf1 Qd5 37.Rc1 Rxc1 38.Qxc1 Qb3 39.Qc6 Qxa4 40.d5 Qa1+ 41.Kh2 
Qe5+ 42.g3 Bc5 43.Bxc5 bxc5 44.Qxc5 Kg7 45.f4 Qe2+ 46.Kg1 Re7 47.Nd4 Qe1+ 
48.Kg2 Qd2+ 49.Kf3 Re3+ 50.Kg4 Qd1+ 51.Kh4 Qh5# 0-1

[Event "24th Varna it"]
[Site "Golden Sands BUL"]
[Date "1985.05.08"]
[Round "3"]
[White "Ubilava, Elizbar"]
[Black "Spiridonov, Nikola"]
[Result "1/2-1/2"]
[WhiteElo "2465"]
[BlackElo "2400"]
[EventDate "1985.05.06"]
[PlyCount "173"]

1.d4 Nf6 2.c4 e6 3.Nc3 Bb4 4.Nf3 c5 5.g3 Nc6 6.dxc5 Ne4 7.Qc2 Nxc3 8.bxc3 
Bxc5 9.Bg2 b6 10.O-O Bb7 11.Rd1 Na5 12.Bf4 O-O 13.Ng5 g6 14.Bxb7 Nxb7 15.
Ne4 Be7 16.Qd2 d6 17.Bh6 Re8 18.Qd4 e5 19.Qd5 Qc7 20.Rd3 Rac8 21.Bg5 Bxg5 
22.Nxg5 Re7 23.Qg2 Kg7 24.Ne4 Qxc4 25.Qf3 f5 26.Nxd6 Nxd6 27.Rxd6 Qxc3 28.
Qxc3 Rxc3 29.a4 Rc5 30.a5 bxa5 31.Ra6 e4 32.Kg2 Rd7 33.R6xa5 Rxa5 34.Rxa5 
Kf6 35.f3 exf3+ 36.Kxf3 Re7 37.h3 Ke6 38.e4 fxe4+ 39.Kxe4 Kd6+ 40.Kf4 Rf7+
41.Kg4 Kc6 42.Ra1 Kb7 43.Rb1+ Ka8 44.Ra1 Rf5 45.Re1 Rh5 46.h4 a5 47.Re4 
Kb7 48.Kf3 Kb6 49.Ke3 Rc5 50.g4 Rc7 51.h5 gxh5 52.gxh5 Rc5 53.Re6+ Kb5 54.
h6 Rc7 55.Kd2 a4 56.Re5+ Kb4 57.Re6 a3 58.Ra6 Kb3 59.Rb6+ Ka4 60.Ra6+ Kb4 
61.Rb6+ Ka5 62.Rb3 Ka4 63.Rb6 a2 64.Ra6+ Kb3 65.Rb6+ Kc4 66.Ra6 Rf7 67.Ke2
Kb3 68.Rb6+ Kc2 69.Rc6+ Kb1 70.Rb6+ Ka1 71.Kd2 Rc7 72.Kd1 Rc3 73.Kd2 Rc4 
74.Kd1 Rg4 75.Kc2 Rg2+ 76.Kc1 Rg1+ 77.Kc2 Rb1 78.Rc6 Rb2+ 79.Kc1 Rb8 80.
Kc2 Rb7 81.Kc1 Rb2 82.Rd6 Rh2 83.Re6 Rb2 84.Rd6 Rg2 85.Rb6 Rg1+ 86.Kc2 Rg8
87.Rc6 1/2-1/2

[Event "24th Varna it"]
[Site "Golden Sands BUL"]
[Date "1985.05.08"]
[Round "3"]
[White "Tringov, Georgi"]
[Black "Knaak, Rainer"]
[Result "0-1"]
[WhiteElo "2460"]
[BlackElo "2530"]
[EventDate "1985.05.06"]
[PlyCount "70"]

1.e4 e6 2.d4 d5 3.Nd2 Nf6 4.Ngf3 b6 5.c3 Be7 6.e5 Nfd7 7.Qc2 c5 8.Bd3 Ba6 
9.Nf1 Bxd3 10.Qxd3 Nc6 11.Ng3 Qc7 12.O-O h6 13.Nh5 g6 14.Nf4 O-O-O 15.Bd2 
Kb8 16.g3 Rdf8 17.Ng2 g5 18.h4 f6 19.exf6 Bxf6 20.hxg5 hxg5 21.Nxg5 Bxg5 
22.Bxg5 Nde5 23.dxe5 Nxe5 24.Qe2 Nf3+ 25.Qxf3 Rxf3 26.Rae1 Rf5 27.Bh4 Qf7 
28.f4 Rfh5 29.Rf2 d4 30.cxd4 cxd4 31.Rd2 Rd5 32.Bg5 Qf5 33.Nh4 Qh3 34.Rg2 
d3 35.Nf3 d2 0-1

[Event "24th Varna it"]
[Site "Golden Sands BUL"]
[Date "1985.05.09"]
[Round "4"]
[White "Spiridonov, Nikola"]
[Black "Tringov, Georgi"]
[Result "1/2-1/2"]
[WhiteElo "2400"]
[BlackElo "2460"]
[EventDate "1985.05.06"]
[PlyCount "27"]

1.d4 d5 2.Nf3 Nf6 3.c4 e6 4.Nc3 Be7 5.Bg5 h6 6.Bxf6 Bxf6 7.cxd5 exd5 8.e3 
O-O 9.Be2 c6 10.O-O Bf5 11.Re1 Nd7 12.Bd3 Bxd3 13.Qxd3 Be7 14.Re2 1/2-1/2

[Event "24th Varna it"]
[Site "Golden Sands BUL"]
[Date "1985.05.09"]
[Round "4"]
[White "Mnatsakanian, Eduard"]
[Black "Grigorov, Yordan"]
[Result "0-1"]
[WhiteElo "2440"]
[BlackElo "2435"]
[EventDate "1985.05.06"]
[PlyCount "48"]

1.e4 g6 2.d4 Bg7 3.Nc3 c6 4.Nf3 d5 5.h3 Nh6 6.e5 f6 7.Bf4 O-O 8.Qd2 Nf7 9.
O-O-O fxe5 10.dxe5 e6 11.h4 c5 12.h5 Nc6 13.hxg6 hxg6 14.Qd3 Nfxe5 15.Nxe5
Rxf4 16.Nxg6 Rg4 17.Be2 Qg5+ 18.f4 Qxg6 19.Bxg4 Qxg4 20.g3 Nd4 21.Rh4 Qf5 
22.Qxf5 Nxf5 23.Rh3 Nd4 24.Re1 Bd7 0-1

[Event "24th Varna it"]
[Site "Golden Sands BUL"]
[Date "1985.05.09"]
[Round "4"]
[White "Inkiov, Ventzislav"]
[Black "Semkov, Semko"]
[Result "1/2-1/2"]
[WhiteElo "2480"]
[BlackElo "2410"]
[EventDate "1985.05.06"]
[PlyCount "58"]

1.d4 d5 2.c4 dxc4 3.e4 Nf6 4.Nc3 e5 5.Nf3 exd4 6.Qxd4 Qxd4 7.Nxd4 Bc5 8.
Ndb5 Na6 9.Bf4 Be6 10.Nxc7+ Nxc7 11.Bxc7 Bb4 12.f3 O-O 13.Be2 Rac8 14.Bf4 
a6 15.O-O-O Rfd8 16.Rxd8+ Rxd8 17.Bg5 h6 18.Bxf6 gxf6 19.f4 f5 20.exf5 
Bxf5 21.Rd1 Rxd1+ 22.Kxd1 b5 23.a4 Bxc3 24.bxc3 bxa4 25.Bxc4 a3 26.Kc1 a5 
27.Ba2 Kg7 28.Kd2 Kf6 29.g3 Ke7 1/2-1/2

[Event "24th Varna it"]
[Site "Golden Sands BUL"]
[Date "1985.05.09"]
[Round "4"]
[White "Donchev, Dimitar"]
[Black "Lalic, Bogdan"]
[Result "1/2-1/2"]
[WhiteElo "2450"]
[BlackElo "2440"]
[EventDate "1985.05.06"]
[PlyCount "53"]

1.e4 e6 2.d4 d5 3.Nc3 Bb4 4.e5 Ne7 5.a3 Bxc3+ 6.bxc3 c5 7.a4 Nbc6 8.Nf3 
Qa5 9.Qd2 Bd7 10.Bd3 f6 11.exf6 gxf6 12.O-O c4 13.Be2 O-O-O 14.Nh4 Ng6 15.
Nxg6 hxg6 16.Ba3 Qc7 17.f4 Rh7 18.g3 Rdh8 19.Rf2 Ne7 20.Bxe7 Rxe7 21.a5 a6
22.Bf3 Bc6 23.Re2 Kb8 24.Qc1 Rhe8 25.Qa3 e5 26.fxe5 fxe5 27.dxe5 1/2-1/2

[Event "24th Varna it"]
[Site "Golden Sands BUL"]
[Date "1985.05.09"]
[Round "4"]
[White "Knaak, Rainer"]
[Black "Atanasov, Petko"]
[Result "1-0"]
[WhiteElo "2530"]
[BlackElo "2405"]
[EventDate "1985.05.06"]
[PlyCount "75"]

1.d4 d5 2.c4 e6 3.Nc3 Nf6 4.cxd5 exd5 5.Bg5 Be7 6.e3 O-O 7.Bd3 c6 8.Qc2 
Nbd7 9.Nf3 Re8 10.O-O Nf8 11.a3 h6 12.Bf4 Bd6 13.Bxd6 Qxd6 14.b4 Ne6 15.
Ne5 Re7 16.Ne2 Nf8 17.Ng3 g6 18.f4 Bd7 19.Qe2 a5 20.Rab1 axb4 21.axb4 Ra4 
22.Qf3 Rxb4 23.Rxb4 Qxb4 24.f5 g5 25.Nh5 N8h7 26.h4 Nxh5 27.Qxh5 f6 28.Ng4
Qd2 29.Ra1 Be8 30.Ra8 Kg7 31.Qxh6+ Kh8 32.Bf1 gxh4 33.Qg6 h3 34.Rxe8+ Rxe8
35.Qxe8+ Kg7 36.Qe7+ Kh8 37.Nh6 hxg2 38.Qe8+ 1-0

[Event "24th Varna it"]
[Site "Golden Sands BUL"]
[Date "1985.05.09"]
[Round "4"]
[White "Diaz Diaz, Joaquin"]
[Black "Ubilava, Elizbar"]
[Result "1-0"]
[WhiteElo "2410"]
[BlackElo "2465"]
[EventDate "1985.05.06"]
[PlyCount "83"]

1.e4 c5 2.Nf3 d6 3.d4 cxd4 4.Nxd4 Nf6 5.Nc3 a6 6.Bg5 e6 7.f4 Qb6 8.Nb3 
Nbd7 9.Qf3 Qc7 10.O-O-O Be7 11.Bd3 h6 12.Bh4 g5 13.e5 gxh4 14.exf6 Nxf6 
15.f5 e5 16.Be4 Rg8 17.Nd2 Rg5 18.Rhf1 Rb8 19.Qh3 Bd7 20.Nd5 Nxd5 21.Bxd5 
Bc6 22.Bxc6+ Qxc6 23.Nf3 Rg8 24.f6 Bxf6 25.Qf5 Rxg2 26.c3 Rg6 27.Nxh4 Bg5+
28.Kb1 Rg7 29.Nf3 Rd8 30.Rg1 Rg6 31.Nxe5 Rf6 32.Nxc6 Rxf5 33.Nxd8 Kxd8 34.
Rxd6+ Kc7 35.Rdd1 Rf2 36.Rdf1 Rxh2 37.Rxf7+ Kb6 38.Rd1 Bd2 39.Rd7 Bf4 40.
Rf1 Kc6 41.Rg7 Bd6 42.Rg6 1-0

[Event "24th Varna it"]
[Site "Golden Sands BUL"]
[Date "1985.05.10"]
[Round "5"]
[White "Ubilava, Elizbar"]
[Black "Inkiov, Ventzislav"]
[Result "1/2-1/2"]
[WhiteElo "2465"]
[BlackElo "2480"]
[EventDate "1985.05.06"]
[PlyCount "140"]

1.d4 Nf6 2.c4 e6 3.Nc3 Bb4 4.Bd2 d5 5.e3 O-O 6.a3 Bxc3 7.Bxc3 Ne4 8.Rc1 
Nd7 9.Nf3 c6 10.Bd3 Nxc3 11.Rxc3 dxc4 12.Bxc4 Qe7 13.O-O e5 14.d5 e4 15.
Nd4 cxd5 16.Bxd5 Nf6 17.Bc4 Bd7 18.Qb3 Rab8 19.Rfc1 b5 20.Be2 b4 21.Rc7 
bxa3 22.Qxa3 Qb4 23.Qxb4 Rxb4 24.b3 a5 25.h3 a4 26.bxa4 Rxa4 27.Rb7 Raa8 
28.Rcc7 Be8 29.Rb2 Bd7 30.Rcb7 h6 31.Bc4 Ra1+ 32.Kh2 Rc8 33.R2b4 Rc1 34.
Bb3 R1c7 35.R7b6 Ra7 36.g4 Rac7 37.Ne2 Rc6 38.Rb7 R8c7 39.Rxc7 Rxc7 40.Ng3
Be6 41.Rxe4 Rb7 42.Rxe6 Rxb3 43.Nf5 Rb8 44.Nxh6+ gxh6 45.Rxf6 Kg7 46.Rd6 
Rb5 47.Kg3 f5 48.gxf5 Rxf5 49.Rd4 Rg5+ 50.Kf4 Rg2 51.Rd2 Rg5 52.Ke4 Rh5 
53.f4 Rxh3 54.f5 h5 55.Kf4 h4 56.e4 Rh1 57.Ke5 h3 58.f6+ Kg6 59.Rd3 h2 60.
Rg3+ Kf7 61.Rg7+ Kf8 62.Rh7 Kg8 63.f7+ Kf8 64.Ke6 Rf1 65.Rxh2 Rf6+ 66.Ke5 
Rxf7 67.Rh6 Ra7 68.Kf5 Kg7 69.Rg6+ Kf7 70.Rb6 Ra1 1/2-1/2

[Event "24th Varna it"]
[Site "Golden Sands BUL"]
[Date "1985.05.10"]
[Round "5"]
[White "Tringov, Georgi"]
[Black "Diaz Diaz, Joaquin"]
[Result "1-0"]
[WhiteElo "2460"]
[BlackElo "2410"]
[EventDate "1985.05.06"]
[PlyCount "63"]

1.e4 e5 2.Nf3 Nf6 3.d3 Nc6 4.c3 Be7 5.b4 a6 6.Nbd2 O-O 7.Bb2 d5 8.Be2 Nh5 
9.g3 Bh3 10.Qc2 g6 11.a3 b5 12.exd5 Qxd5 13.c4 Qe6 14.cxb5 Nd4 15.Nxd4 
exd4 16.Qc6 Bd6 17.Qe4 Qc8 18.Qxd4 f6 19.Ne4 Qe6 20.Nxd6 cxd6 21.Kd2 Bg2 
22.Rhe1 Qf7 23.bxa6 Ng7 24.Bd1 Nf5 25.Qf4 Rfe8 26.Rxe8+ Rxe8 27.Ba4 Re7 
28.Qc4 Qd5 29.Qc8+ Kg7 30.Re1 Ra7 31.Be8 Qg8 32.Bd7 1-0

[Event "24th Varna it"]
[Site "Golden Sands BUL"]
[Date "1985.05.10"]
[Round "5"]
[White "Lalic, Bogdan"]
[Black "Mnatsakanian, Eduard"]
[Result "1/2-1/2"]
[WhiteElo "2440"]
[BlackElo "2440"]
[EventDate "1985.05.06"]
[PlyCount "53"]

1.d4 d5 2.c4 c6 3.Nf3 Nf6 4.Nc3 dxc4 5.a4 Bf5 6.e3 e6 7.Bxc4 Bb4 8.O-O 
Nbd7 9.Qe2 Bg6 10.Bd2 O-O 11.Ne4 Bxd2 12.Nexd2 Qe7 13.Bd3 Bh5 14.Qe1 e5 
15.dxe5 Nxe5 16.Nxe5 Qxe5 17.Nc4 Qe7 18.Be2 Bg6 19.Qc3 Ne4 20.Qb3 Kh8 21.
Rfd1 f5 22.f3 Nf6 23.Qa3 Rae8 24.Qxe7 Rxe7 25.f4 Bf7 26.Ne5 a5 27.Bf3 
1/2-1/2

[Event "24th Varna it"]
[Site "Golden Sands BUL"]
[Date "1985.05.10"]
[Round "5"]
[White "Grigorov, Yordan"]
[Black "Knaak, Rainer"]
[Result "0-1"]
[WhiteElo "2435"]
[BlackElo "2530"]
[EventDate "1985.05.06"]
[PlyCount "52"]

1.e4 e6 2.d4 d5 3.Nc3 Bb4 4.e5 c5 5.a3 Bxc3+ 6.bxc3 Ne7 7.Nf3 Bd7 8.h4 Ba4
9.h5 h6 10.Rb1 Qc7 11.dxc5 Nd7 12.Bf4 Nxc5 13.Nd4 a6 14.Bd3 Ne4 15.Bxe4 
dxe4 16.O-O Nd5 17.Qg4 O-O-O 18.Bg3 Nxc3 19.Rb4 Rhg8 20.Re1 Kb8 21.Ne2 
Bxc2 22.Bh4 Rd1 23.f4 a5 24.Rb2 Na4 25.Rxd1 Bxd1 26.Rd2 Nc3 0-1

[Event "24th Varna it"]
[Site "Golden Sands BUL"]
[Date "1985.05.10"]
[Round "5"]
[White "Semkov, Semko"]
[Black "Donchev, Dimitar"]
[Result "1/2-1/2"]
[WhiteElo "2410"]
[BlackElo "2450"]
[EventDate "1985.05.06"]
[PlyCount "27"]

1.e4 Nf6 2.e5 Nd5 3.d4 d6 4.Nf3 Nb6 5.exd6 exd6 6.Bb5+ Bd7 7.Bg5 Be7 8.
Bxd7+ Qxd7 9.O-O Nc6 10.Bxe7 Qxe7 11.Nc3 O-O 12.Re1 Rfe8 13.Ne5 dxe5 14.
Qg4 1/2-1/2